000 00731nam a2200253 a 4500
001 000030549
003 DO-SdBNP
005 20250120101911.0
007 ta
008 110523s1963 es 000 | spa d
040 _aDO-SdBNP
_bspa
_cBNPHU
_erda
041 _hspa
082 _axxx
_bT266y
_222
100 1 _aTejada Díaz, Teodoro,
_d1933-
_eautor
_957166
245 1 0 _aYo investigué la muerte de Trujillo /
_cTeodoro Tejada Díaz.
264 _aBarcelona :
_bPlaza & Janes Editores,
_c1963.
300 _a194 páginas ;
_c20 cm.
336 _ardacontent
_btexto
_2txt
337 _ardamedia
_bsin mediación
_2n
338 _ardacarrier
_bvolumen
_2nc
590 _aInventariado, 2025/DG
910 _aDG
942 _2ddc
_cLBS1
999 _c30041
_d30041